1348 1892 1262 1091 1351 1041 1215 1769 1856 1754 1547 1020 1466 1470 1554 1804 1732 1075 1854 1205 1667 1953 1122 1287 1584 1431 1832 1041 1907 1092 1975 1362 1591 1701 1605 1651 1152 1155 1324 1254 1483 1039 1137 1612 1592 1503 1600 1272 1302 1636 1879 1178 1890 1306 1776 1121 1246 1573 1241 1426 1888 1399 1794 1679 1644 1002 1601 1553 1515 1704 1420 1550 1986 1048 1307 1058 1404 1683 1128 1293 1676 1294 1478 1767 1708 1284 1295 1794 1957 1507 1317 1458 1023 1919 1501 1924 1508 1453 1066 BCNSPRNW ULIB Ver.6.0+V

เปลี่ยนเป็นภาษาไทย

Change to English
 แสดงรายละเอียดบรรณานุกรม
  กลับหน้าหลัก

Brief Record : Get Marc (ISO 2709) : E-mail record : QR code < ปิดหน้าต่าง
LEADER : 00000nam a2200000Ia 4500
001    13399126049
003     ULIB
008    151127s2558 th a b 001 0 tha d
020    ^a9786162797163
060 04 ^aWF145^bP954
245 00 ^aPrinciple and practical points in respiratory care /^cบรรณาธิการ, สุมาลี เกียรติบุญศรี ... [และคนอื่นๆ]
250    ^aพิมพ์ครั้งที่ 1
260    ^aกรุงเทพฯ :^bคณะแพทยศาสตร์โรงพยาบาลรามาธิบดี มหาวิทยาลัยมหิดล,^c2558
300    ^ax, 345 หน้า :^bภาพประกอบ ;^c28 ซม.
504    ^aมีบรรณานุกรมและดัชนี
650  2 ^aRespiratory Care^xtherapy
650  2 ^aRespiratory Therapy
650  2 ^aRespiratory Function Tests
650  4 ^aระบบหายใจ^xการรักษา
650  4 ^aการหายใจ, การรักษา
650  4 ^aการหายใจ, ระบบ
650  4 ^aทางเดินอากาศหายใจ, โรค^xการรักษา
700 0  ^aสุมาลี เกียรติบุญศรี,^eบรรณาธิการ
710 2  ^aมหาวิทยาลัยมหิดล.^bคณะแพทยศาสตร์โรงพยาบาลรามาธิบดี
945    ^p800^l0^i25872
945    ^p800^l0^i25873
945    ^p800^l0^i25874
945    ^p800^l0^i25875
945    ^p800^l0^i25876
945    ^p800^l0^i25877
945    ^p800^l0^i25878
945    ^p800^l0^i25879
945    ^p800^l0^i25880
945    ^p800^l0^i25881
995    ^aกัณชพร
999    ^aกัณชพร
รายการนี้ยังไม่มีแท็ก
คุณยังไม่ได้ล็อกอิน คุณสามารถมีกิจกรรมร่วมกับเว็บไซต์ได้ แต่ต้องล็อกอินก่อน ::
  ล็อกอิน

รายการสื่อสารสนเทศ

ลำดับที่ ประเภท เลขเรียก/บาร์โค้ด สถานที่ สถานะ
1. หนังสือสำรอง
หนังสือสำรอง
สถานะ=หนังสือเก่า
WF145 P954 ฉ.1 
  Barcode: 25872
ห้องสมุดวิทยาเขตนครสวรรค์
►ส่วนจัดเก็บหนังสือเก่า นว.
บนชั้น
  ขอยืม
2. วิทยาศาสตร์การแพทย์ และสุขภาพ
วิทยาศาสตร์การแพทย์ และสุขภาพ
สถานะ=หนังสือเก่า
WF145 P954 ฉ.10 
  Barcode: 25881
ห้องสมุดวิทยาเขตนครสวรรค์
►ส่วนจัดเก็บหนังสือเก่า นว.
บนชั้น
  ขอยืม
3. วิทยาศาสตร์การแพทย์ และสุขภาพ
วิทยาศาสตร์การแพทย์ และสุขภาพ
สถานะ=หนังสือเก่า
WF145 P954 ฉ.2 
  Barcode: 25873
ห้องสมุดวิทยาเขตนครสวรรค์
►ส่วนจัดเก็บหนังสือเก่า นว.
บนชั้น
  ขอยืม
4. วิทยาศาสตร์การแพทย์ และสุขภาพ
วิทยาศาสตร์การแพทย์ และสุขภาพ
สถานะ=หนังสือเก่า
WF145 P954 ฉ.3 
  Barcode: 25874
ห้องสมุดวิทยาเขตนครสวรรค์
►ส่วนจัดเก็บหนังสือเก่า นว.
บนชั้น
  ขอยืม
5. วิทยาศาสตร์การแพทย์ และสุขภาพ
วิทยาศาสตร์การแพทย์ และสุขภาพ
สถานะ=หนังสือเก่า
WF145 P954 ฉ.4 
  Barcode: 25875
ห้องสมุดวิทยาเขตนครสวรรค์
►ส่วนจัดเก็บหนังสือเก่า นว.
บนชั้น
  ขอยืม
6. วิทยาศาสตร์การแพทย์ และสุขภาพ
วิทยาศาสตร์การแพทย์ และสุขภาพ
สถานะ=หนังสือเก่า
WF145 P954 ฉ.5 
  Barcode: 25876
ห้องสมุดวิทยาเขตนครสวรรค์
►ส่วนจัดเก็บหนังสือเก่า นว.
บนชั้น
  ขอยืม
7. วิทยาศาสตร์การแพทย์ และสุขภาพ
วิทยาศาสตร์การแพทย์ และสุขภาพ
สถานะ=หนังสือเก่า
WF145 P954 ฉ.6 
  Barcode: 25877
ห้องสมุดวิทยาเขตนครสวรรค์
►ส่วนจัดเก็บหนังสือเก่า นว.
บนชั้น
  ขอยืม
8. วิทยาศาสตร์การแพทย์ และสุขภาพ
วิทยาศาสตร์การแพทย์ และสุขภาพ
สถานะ=หนังสือเก่า
WF145 P954 ฉ.7 
  Barcode: 25878
ห้องสมุดวิทยาเขตนครสวรรค์
►ส่วนจัดเก็บหนังสือเก่า นว.
บนชั้น
  ขอยืม
9. วิทยาศาสตร์การแพทย์ และสุขภาพ
วิทยาศาสตร์การแพทย์ และสุขภาพ
สถานะ=หนังสือเก่า
WF145 P954 ฉ.8 
  Barcode: 25879
ห้องสมุดวิทยาเขตนครสวรรค์
►ส่วนจัดเก็บหนังสือเก่า นว.
บนชั้น
  ขอยืม
10. วิทยาศาสตร์การแพทย์ และสุขภาพ
วิทยาศาสตร์การแพทย์ และสุขภาพ
สถานะ=หนังสือเก่า
WF145 P954 ฉ.9 
  Barcode: 25880
ห้องสมุดวิทยาเขตนครสวรรค์
►ส่วนจัดเก็บหนังสือเก่า นว.
บนชั้น
  ขอยืม

รายการใกล้เคียง
    หัวเรื่อง [Respiratory Therapy]
    หัวเรื่อง [Respiratory Function Tests]
    หัวเรื่อง [การหายใจ, การรักษา]
    หัวเรื่อง [การหายใจ, ระบบ]

BibComment


ยังไม่เคยถูกคอมเมนท์

คอมเมนท์ทรัพยากรรายการนี้
  คอมเมนท์: Principle and pr..


 Copyright 2026. Bcnsprnw @Library